<?xml version="1.0" encoding="UTF-8"?><?xml-stylesheet type="text/xsl" href="static/style.xsl"?><OAI-PMH xmlns="http://www.openarchives.org/OAI/2.0/" xmlns:xsi="http://www.w3.org/2001/XMLSchema-instance" xsi:schemaLocation="http://www.openarchives.org/OAI/2.0/ http://www.openarchives.org/OAI/2.0/OAI-PMH.xsd"><responseDate>2026-04-14T03:02:05Z</responseDate><request verb="GetRecord" identifier="oai:www.recercat.cat:10230/58095" metadataPrefix="marc">https://recercat.cat/oai/request</request><GetRecord><record><header><identifier>oai:recercat.cat:10230/58095</identifier><datestamp>2025-12-12T02:28:44Z</datestamp><setSpec>com_2072_6</setSpec><setSpec>col_2072_452952</setSpec></header><metadata><record xmlns="http://www.loc.gov/MARC21/slim" xmlns:dcterms="http://purl.org/dc/terms/" xmlns:xsi="http://www.w3.org/2001/XMLSchema-instance" xmlns:doc="http://www.lyncode.com/xoai" xsi:schemaLocation="http://www.loc.gov/MARC21/slim http://www.loc.gov/standards/marcxml/schema/MARC21slim.xsd">
   <leader>00925njm 22002777a 4500</leader>
   <datafield ind2=" " ind1=" " tag="042">
      <subfield code="a">dc</subfield>
   </datafield>
   <datafield ind2=" " ind1=" " tag="720">
      <subfield code="a">Romaguera Bosch, Dora</subfield>
      <subfield code="e">author</subfield>
   </datafield>
   <datafield ind2=" " ind1=" " tag="720">
      <subfield code="a">Fernández-Barrés, Sílvia</subfield>
      <subfield code="e">author</subfield>
   </datafield>
   <datafield ind2=" " ind1=" " tag="720">
      <subfield code="a">Gracia-Lavedán, Esther</subfield>
      <subfield code="e">author</subfield>
   </datafield>
   <datafield ind2=" " ind1=" " tag="720">
      <subfield code="a">Castaño Vinyals, Gemma</subfield>
      <subfield code="e">author</subfield>
   </datafield>
   <datafield ind2=" " ind1=" " tag="720">
      <subfield code="a">Kogevinas, Manolis</subfield>
      <subfield code="e">author</subfield>
   </datafield>
   <datafield ind2=" " ind1=" " tag="720">
      <subfield code="a">Amiano, Pilar</subfield>
      <subfield code="e">author</subfield>
   </datafield>
   <datafield ind2=" " ind1=" " tag="260">
      <subfield code="c">2023-10-19T06:17:36Z</subfield>
   </datafield>
   <datafield ind2=" " ind1=" " tag="260">
      <subfield code="c">2023-10-19T06:17:36Z</subfield>
   </datafield>
   <datafield ind2=" " ind1=" " tag="260">
      <subfield code="c">2021</subfield>
   </datafield>
   <datafield ind2=" " ind1=" " tag="520">
      <subfield code="a">Aims: To study whether the consumption of ultra-processed foods and drinks is associated with breast, colorectal, and prostate cancers. Methods: Multicentric population-based case-control study (MCC-Spain) conducted in 12 Spanish provinces. Participants were men and women between 20 and 85 years of age with diagnoses of colorectal (n = 1852), breast (n = 1486), or prostate cancer (n = 953), and population-based controls (n = 3543) frequency-matched by age, sex, and region. Dietary intake was collected using a validated food frequency questionnaire. Foods and drinks were categorized according to their degree of processing based on the NOVA classification. Unconditional multivariable logistic regression was used to evaluate the association between ultra-processed food and drink consumption and colorectal, breast, and prostate cancer. Results: In multiple adjusted models, consumption of ultra-processed foods and drinks was associated with a higher risk of colorectal cancer (OR for a 10% increase in consumption: 1.11; 95% CI 1.04-1.18). The corresponding odds for breast (OR 1.03; 95% CI 0.96-1.11) and prostate cancer (OR 1.02; 95% CI 0.93-1.12) were indicative of no association. Conclusions: Results of this large population-based case-control study suggest an association between the consumption of ultra-processed foods and drinks and colorectal cancer. Food policy and public health should include a focus on food processing when formulating dietary guidelines.</subfield>
   </datafield>
   <datafield tag="653" ind2=" " ind1=" ">
      <subfield code="a">Breast cancer</subfield>
   </datafield>
   <datafield tag="653" ind2=" " ind1=" ">
      <subfield code="a">Case-control study</subfield>
   </datafield>
   <datafield tag="653" ind2=" " ind1=" ">
      <subfield code="a">Colorectal cancer</subfield>
   </datafield>
   <datafield tag="653" ind2=" " ind1=" ">
      <subfield code="a">Prostate cancer</subfield>
   </datafield>
   <datafield tag="653" ind2=" " ind1=" ">
      <subfield code="a">Ultra-processed foods and drinks</subfield>
   </datafield>
   <datafield ind2="0" ind1="0" tag="245">
      <subfield code="a">Consumption of ultra-processed foods and drinks and colorectal, breast, and prostate cancer</subfield>
   </datafield>
</record></metadata></record></GetRecord></OAI-PMH>